000 01267cam a22003497a 4500
003 CHAP
005 20220329142149.0
008 000124d1999 mx r 00110 spa d
010 _a79443
011 _a80415
035 _a90865
040 _cCHAP
090 _aTesis
100 0 0 _aEsparza Vela, Mario Edgar.
_937778
245 1 0 _aComercialización de limón persa y organización de productores en Martínez de la Torre, Veracruz
_c/por Mario Edgar Esparza Vela
260 _aChapingo, Méx. :
_bEl autor,
_c1999.
300 _a126 h. :
_bgráfs.
502 _aTesis (Ing. Agr. Esp. en Sociología Rural) -- UACH. Departamento de Sociología Rural
590 _aALEPH
_b10
_c20130110
_lUCH01
_h1431
590 _aBATCH-UPD
_b10
_c20130110
_lUCH01
_h0751
590 _aBATCH-UPD
_b10
_c20130410
_lUCH01
_h0432
590 _aBATCH-UPD
_b10
_c20130914
_lUCH01
_h1320
590 _aCONVERSION
_b10
_c20130109
_lUCH01
_h1344
650 1 4 _aLimón persa
_xMercadeo.
_966870
650 1 4 _aLimón persa
_zVeracruz.
_966879
901 _aBK
905 _aLilia Sánchez G.
942 _cFOLL
949 _bBC
_cTES
_d33724000736054
_eTS2
_fc.2
_h34330
_i90865
_si
949 _bBC
_cTES
_d33724000762928
_eTS2
_fc.3
_h35941
_i90865
_si
949 _bBC
_cTES
_d908651
_eTS1
_h34329
_i90865
_sb
999 _c79443
_d79443